Zavedenie metódy 5S ako nástroj zlepšovania
Saved in:
| Main Author: | |
|---|---|
| Other Authors: | |
| Format: | Manuscript Book |
| Language: | Slovak |
| Published: |
2015
|
| Subjects: | |
| Online Access: | http://is.stuba.sk/zp/portal_zp.pl?podrobnosti=102456 |
| Tags: |
No Tags, Be the first to tag this record!
|
MARC
| LEADER | 00000ntm a22000003a 4500 | ||
|---|---|---|---|
| 001 | stuzp51856 | ||
| 003 | SK-STU | ||
| 005 | 20200520131712.0 | ||
| 007 | ta | ||
| 008 | 150427s2015----xo-----f-mn---000-0-slo-d | ||
| 040 | |a STU |b slo | ||
| 041 | 0 | |a slo | |
| 100 | 1 | |a Markovič, Martin |u 065000 |4 aut |U MTF Materiálovotechnologická fakulta |T MTF Ústav bezpečnosti, environmentu a kvality |X 6471 |U M5000 |Y 85 |7 6471 | |
| 242 | 0 | 1 | |a Introduction of the 5S method as a tool for improvement |y eng |
| 245 | 1 | 0 | |a Zavedenie metódy 5S ako nástroj zlepšovania |
| 260 | |c 2015 | ||
| 650 | 4 | |a štíhla výroba |2 slo | |
| 650 | 4 | |a systém manažérstva kvality |2 slo | |
| 650 | 4 | |a metóda 5S |2 slo | |
| 650 | 4 | |a 5S method |2 eng | |
| 650 | 4 | |a quality management system |2 eng | |
| 650 | 4 | |a lean production |2 eng | |
| 700 | 1 | |a Bartošová, Alica |4 ths |X 37521 |7 37521 | |
| 856 | 4 | |u http://is.stuba.sk/zp/portal_zp.pl?podrobnosti=102456 | |
| 996 | |c M* BP-7149 |l MMSKP |s P |a 0 |w stuzp51856_0001 | ||
| SQL | |a stuzp51856 |b DBP |c SLO |d Zavedenie metódy 5S ako nástroj zlepšovania |e 6471 |f Markovič, Martin |g 065000 |h 37521 |i Bartošová, Alica |j 20150629 |k 171 |l 06 |m http://is.stuba.sk/zp/portal_zp.pl?podrobnosti=102456 |n B-KPR |o 5.2.57. kvalita produkcie | ||